000 00311nam a2200097Ia 4500
082 _a361.1|BEZU
245 0 _aA reader on selected social issues
100 _a Bezuidenhout, Frans J. , 1950- Pretoria [South Africa], 2013 Fifth edition
_966298
942 _cBK
008 210817s9999 xx 000 0 und d
999 _c212617
_d212616